000 00525nam a2200169Ia 4500
003 IN-BaIIA
008 211028s9999 xx s 000 0 eng d
020 _a9780819442741 (Print)
020 _a9781510612792 (Online)
040 _cIIA Library
100 _aScheps, Richard
_940995
245 0 _aIntroduction to Laser Diode-Pumped Solid State Lasers
_h[eBook]
260 _aWashington, USA
_bSPIE
_c2002
300 _aOnline resource
856 _uhttps://doi.org/10.1117/3.2279412
_yClick Here to Access eBook
942 _cEB
999 _c22309
_d22309